00466nam a2200181Ia 4500003000400000008004100004040001600045082001300061100001700074245007300091260003500164300000800199650001500207650001100222650001800233650001100251650002200262GCL140319s9999 xx 000 0 eng d aGCL / cGCL04a841bD P1 aDELUY, HENRY10aPPOESIE EN FRANCE 1983-1988 UNE ANTHOLOGIE CRITIQUE / cDELUY, HENRY a[S.N] : bFLAMMARION ، c1989 a45604aLITERATURE04aPOETRY04aFRENCH POETRY04aPOESIS04aFRENCH LITERATURE